LEADER 02784nam 22005655 450 001 9910548174603321 005 20260211123511.0 010 $a981-16-0927-6 024 7 $a10.1007/978-981-16-0927-5 035 $a(MiAaPQ)EBC6897028 035 $a(Au-PeEL)EBL6897028 035 $a(CKB)21325693400041 035 $a(PPN)26083002X 035 $a(OCoLC)1306064045 035 $a(DE-He213)978-981-16-0927-5 035 $a(iGPub)SPNA0086985 035 $a(EXLCZ)9921325693400041 100 $a20220224d2021 u| 0 101 0 $aeng 135 $aurcnu|||||||| 181 $ctxt$2rdacontent 182 $cc$2rdamedia 183 $acr$2rdacarrier 200 10$aStereoscopic Anatomical Atlas of Ear Surgery /$fedited by Pu Dai, Vincent C Cousins, Yue-shuai Song, Xue Gao 205 $a1st ed. 2021. 210 1$aSingapore :$cSpringer Nature Singapore :$cImprint: Springer,$d2021. 215 $a1 online resource (258 pages) 225 1 $aMedicine Series 311 08$aPrint version: Dai, Pu Stereoscopic Anatomical Atlas of Ear Surgery Singapore : Springer Singapore Pte. Limited,c2022 9789811609268 320 $aIncludes bibliographical references and index. 327 $a1 Overview -- 2 Bony Landmarks of the Temporal Bone -- 3 Transcanal approach -- 4 Postauricular Approach -- 5 Translabyrinthine Approach -- 6 Middle Cranial Fossa Approach -- 7 Retrosigmoid Approach -- 8 Infratemporal Fossa Approach -- 9 Stereoscopic Virtual Anatomy of Temporal Bone. 330 $aFeaturing a set of 3-D anatomic images of ear surgery based on innovative photographic devices, this book introduces anatomical details of ear surgery in the main areas of the temporal bone and lateral skull base. After overviewing basic anatomy of temporal bone and lateral skull base, the following 8 chapters covers step by step anatomic and surgical procedures of various ear surgeries, including transcanal approach, retroauricular approach, translabyrinthine approach, middle fossa approach, retrosigmoid approach, infratemporal fossa approach, and the stereoscopic virtual anatomy of the temporal bone. It is a practical and useful resource for residents in head and neck surgery, and related field. 410 0$aMedicine Series 606 $aOtolaryngology 606 $aOtorhinolaryngology 606 $aCirurgia otològica$2thub 608 $aAtles (Científic)$2thub 608 $aLlibres electrònics$2thub 615 0$aOtolaryngology. 615 14$aOtorhinolaryngology. 615 7$aCirurgia otològica 676 $a617.8059 702 $aDai$b Pu 801 0$bMiAaPQ 801 1$bMiAaPQ 801 2$bMiAaPQ 906 $aBOOK 912 $a9910548174603321 996 $aStereoscopic Anatomical Atlas of Ear Surgery$92789067 997 $aUNINA LEADER 05546nam 22006255 450 001 996691669903316 005 20251031120602.0 010 $a9789819527250$b(electronic bk.) 010 $z9789819527243 024 7 $a10.1007/978-981-95-2725-0 035 $a(MiAaPQ)EBC32384783 035 $a(Au-PeEL)EBL32384783 035 $a(CKB)41996880300041 035 $a(DE-He213)978-981-95-2725-0 035 $a(OCoLC)1559218204 035 $a(EXLCZ)9941996880300041 100 $a20251031d2026 u| 0 101 0 $aeng 135 $aurcnu|||||||| 181 $ctxt$2rdacontent 182 $cc$2rdamedia 183 $acr$2rdacarrier 200 10$aChinese Computational Linguistics $e24th China National Conference, CCL 2025, Jinan, China, August 11?14, 2025, Proceedings /$fedited by Maosong Sun, Peiyong Duan, Zhiyuan Liu, Ruifeng Xu, Weiwei Sun, Yubo Chen, Zhiliang Tian, Zhenghao Liu 205 $a1st ed. 2026. 210 1$aSingapore :$cSpringer Nature Singapore :$cImprint: Springer,$d2026. 215 $a1 online resource (742 pages) 225 1 $aLecture Notes in Artificial Intelligence,$x2945-9141 ;$v16052 311 08$aPrint version: Sun, Maosong Chinese Computational Linguistics Singapore : Springer,c2025 9789819527243 327 $aNLP Applications .-Self-Supervised Contrastive Learning for Content-Centric Speech Representation. .-A Chunk-based Chain of Thought Prompting Method for Mitigating Over-Correction in Chinese Grammatical Error Correction. -- Linguistic Differences between AI and Human Comments in Weibo: Detect AI-Generated Text through Stylometric Features. -- Fine-tuning GEC Model Based on Language Family Corpus. -- Statistically Optimized SGNS Model: Enhancing Word Vector Representation with Global Semantic Weight. -- HFSD-V2C: Zero-Shot Visual Voice Cloning Via Hierarchical Face-Styled Diffusion Model. -- CRAF:Cross-Modal Representation Alignment and Fusion for Speech Translation. -- Lao-English Code-Switched Speech Synthesis Via Neural Codec Language Modeling. -- UMAD: Enhancing LLM Debiasing via Multi-Agent Debate and Token-Level Bias Interpretation. -- Instruction-Driven In-Context Learning for Domain-Specific Chinese Spelling Correction. -- DualReward: A Dynamic Reinforcement Learning Framework for Cloze Tests Distractor Generation. Large Language Models -- RankLLM: A multi-criteria decision-making method for LLM performance evaluation in sentiment analysis. -- MQM-MSC: Enhancing Translation Quality Estimation Interpretability with Mask-Driven Self-Correction in Large Language Models. -- Improving Abstract Reasoning Ability of Large Language Models through Mixture Program-based Data Synthesis. -- RJAG: Retrieval Judgment Augmented Generation. -- Towards Coarse-to-Fine Evaluation of Inference Efficiency for Large Language Models. Language Resource and Evaluation -- Unveiling the Linguistic Acceptability Judgments of Large Language Models in Multilingual Contexts. -- MASP: A Multilingual Dataset for Probing Scalar Modifier Understanding in LLMs. Text Generation, Dialogue and Summarization -- Self-Preference: An Automated Method for Preference-Aligned Data Constructed from Business Metrics. -- TAG: Dialogue Summarization Based on Topic Segmentation and Graph Structures. -- Enabling Real-Time Conversations with Minimal Training Costs. Information Retrieval, Text Classification and QA -- EDGE: Enhanced Debiased Gradient Extraction for Robust Fine-tuning. -- BiSaGA: A Novel Bidirectional Sparse Graph Attention Adapter for Evidence-Based Fact-Checking. ACL ARR Fast Track -- Cross-modal Ambiguity Learning with Heterogeneous Interaction Analysis For Rumor Detection. -- Beyond Instruction Following: Evaluating Inferential Rule Following of Large Language Models. -- DSMR-SQL: Enhancing Text-to-SQL with Dual-Strategy SQL Generation and Multi-Role SQL Selection. Machine Translation and Multilingual Information Processing -- Quality-aware Neural Machine Translation with Self-evaluation. 330 $aThis book constitutes the refereed proceedings of the 24th China National Conference on Chinese Computational Linguistics, held in Jinan, China, during August 11-14, 2025. The book refers a review of the key topics in Large Language Models, Machine Translation and Multilingual Information Processing, Text Generation, Dialogue and Summarization, Information Retrieval, Text Classification, QA, Language Resource and Evaluation, NLP Applications, ACL ARR Fast Track. 410 0$aLecture Notes in Artificial Intelligence,$x2945-9141 ;$v16052 606 $aArtificial intelligence 606 $aComputer networks 606 $aNatural language processing (Computer science) 606 $aApplication software 606 $aArtificial Intelligence 606 $aComputer Communication Networks 606 $aNatural Language Processing (NLP) 606 $aComputer and Information Systems Applications 615 0$aArtificial intelligence. 615 0$aComputer networks. 615 0$aNatural language processing (Computer science) 615 0$aApplication software. 615 14$aArtificial Intelligence. 615 24$aComputer Communication Networks. 615 24$aNatural Language Processing (NLP). 615 24$aComputer and Information Systems Applications. 676 $a006.3 700 $aSun$b Maosong$01423720 801 0$bMiAaPQ 801 1$bMiAaPQ 801 2$bMiAaPQ 912 $a996691669903316 996 $aChinese Computational Linguistics$94466459 997 $aUNISA